[Event "Warsaw YMCA Autumn-B 237th"]
[Site "Warsaw"]
[Date "2020.12.16"]
[Round "12"]
[White "Wilczynski, Adam"]
[Black "Mlynarski, Zbigniew"]
[Result "0-1"]
[WhiteElo "1525"]
[BlackElo "1548"]
[PlyCount "110"]
[EventDate "2020.09.24"]
[EventType "swiss"]
[EventRounds "12"]
[EventCountry "POL"]
[SourceTitle "EXT 2022"]
[Source "ChessBase"]
[SourceDate "2021.10.06"]
[SourceVersion "1"]
[SourceVersionDate "2021.10.06"]
[SourceQuality "1"]

1. c4 e5 2. g3 Nf6 3. Bg2 c6 4. d4 Bb4+ 5. Bd2 Bxd2+ 6. Qxd2 exd4 7. Qxd4 0-0 8. Nc3 Na6 9. Nf3 Nb4 10. Qd2 d5 11. a3 Na6 12. cxd5 cxd5 13. Rd1 Be6 14. Qd4 b6 15. b4 Rc8 16. 0-0 Rc4 17. Qd3 Qc8 18. Nb5 Bf5 19. Qd2 Qd7 20. Nbd4 Ne4 21. Qb2 Re8 22. Nxf5 Qxf5 23. e3 Nc3 24. Rc1 Rec8 25. Nd4 Qe5 26. Qd2 Qe8 27. Bf3 Nb8 28. Kg2 Nd7 29. Kg1 Ne5 30. Bg2 Ne4 31. Bxe4 dxe4 32. Kg2 Nf3 33. Qb2 Nxd4 34. Rxc4 Rxc4 35. exd4 e3 36. Re1 Qc6+ 37. d5 Qxd5+ 38. Kg1 Rd4 39. Qe2 exf2+ 40. Qxf2 h6 41. Qc2 g6 42. Re8+ Kh7 43. Re2 Rd1+ 44. Kf2 Qd4+ 45. Kg2 Qg1+ 46. Kh3 Qf1+ 47. Kh4 Rd4+ 48. g4 Qf6+ 49. Kg3 Qf4+ 50. Kg2 Qxg4+ 51. Kh1 Rf4 52. Rf2 Rxf2 53. Qxf2 Qf5 54. Qe2 g5 55. Qe7 Qf1# 0-1

[Event "Warsaw YMCA Autumn-B 237th"]
[Site "Warsaw"]
[Date "2020.11.26"]
[Round "9"]
[White "Wilczynski, Adam"]
[Black "Jaroszuk, Marcin"]
[Result "1-0"]
[WhiteElo "1525"]
[BlackElo "1572"]
[PlyCount "123"]
[EventDate "2020.09.24"]
[EventType "swiss"]
[EventRounds "12"]
[EventCountry "POL"]
[SourceTitle "EXT 2022"]
[Source "ChessBase"]
[SourceDate "2021.10.06"]
[SourceVersion "1"]
[SourceVersionDate "2021.10.06"]
[SourceQuality "1"]

1. c4 f5 2. g3 Nf6 3. Bg2 e6 4. Nf3 Be7 5. d3 0-0 6. 0-0 d6 7. Nc3 e5 8. e3 a5 9. b3 Qe8 10. Ba3 Na6 11. Bb2 Qh5 12. Ne1 Qxd1 13. Rxd1 Nc5 14. d4 exd4 15. exd4 Nce4 16. Nb5 c6 17. f3 cxb5 18. fxe4 fxe4 19. cxb5 d5 20. Nc2 Bg4 21. Rd2 Nd7 22. Rxf8+ Rxf8 23. Rf2 Be6 24. Rxf8+ Kxf8 25. Kf2 Kf7 26. Bc3 b6 27. a4 Nf6 28. h3 Bd6 29. g4 Kg6 30. Bd2 Ne8 31. b4 Bc7 32. bxa5 bxa5 33. Ne3 Bb6 34. Nc2 Bd8 35. Bf4 Bh4+ 36. Ke3 Bg5 37. Na1 Nd6 38. Bxg5 Kxg5 39. Bf1 h5 40. gxh5 Bf7 41. Nb3 Bxh5 42. Kd2 Kf4 43. Nxa5 e3+ 44. Ke1 Be8 45. Nc6 Nb7 46. a5 Nxa5 47. Nxa5 Bd7 48. b6 Bc8 49. Be2 Ke4 50. Nb3 Kf4 51. Bg4 Bb7 52. Nc5 Ba8 53. Bd7 g6 54. Ke2 g5 55. Bg4 Bc6 56. Ke1 Ba8 57. Ke2 Bc6 58. Ne6+ Ke4 59. Bf3+ Kf5 60. Nd8 Ba8 61. Kxe3 Kf6 62. b7 1-0

[Event "Polanica Zdroj op-B 56th"]
[Site "Polanica Zdroj"]
[Date "2020.08.21"]
[Round "7"]
[White "Wilczynski, Adam"]
[Black "Santura, Janusz"]
[Result "1/2-1/2"]
[WhiteElo "1497"]
[BlackElo "1763"]
[PlyCount "60"]
[EventDate "2020.08.15"]
[EventType "swiss"]
[EventRounds "9"]
[EventCountry "POL"]
[SourceTitle "CBM 198 Extra"]
[Source "ChessBase"]
[SourceDate "2020.11.30"]
[SourceVersion "1"]
[SourceVersionDate "2020.11.30"]
[SourceQuality "1"]

1. c4 c6 2. g3 Nf6 3. Bg2 d5 4. Nf3 Bf5 5. cxd5 cxd5 6. 0-0 e6 7. d3 Nc6 8. Qa4 Be7 9. Nd4 Qa5 10. Qxa5 Nxa5 11. Bd2 Nc6 12. Nxf5 exf5 13. Bc3 Rd8 14. e3 0-0 15. Bxf6 Bxf6 16. d4 Rd7 17. Nc3 Ne7 18. Rac1 Rfd8 19. Ne2 Bg5 20. Rc5 b6 21. Rc2 g6 22. Rfc1 Kg7 23. Rc7 Ng8 24. Rc8 Rxc8 25. Rxc8 Nf6 26. Nc3 Ne4 27. Rc6 Bd8 28. Ne2 Bc7 29. Nc3 Bd8 30. Bf3 Nxc3 1/2-1/2

[Event "Polanica Zdroj op-B 56th"]
[Site "Polanica Zdroj"]
[Date "2020.08.20"]
[Round "6"]
[White "Nowak, Adam"]
[Black "Wilczynski, Adam"]
[Result "0-1"]
[WhiteElo "1335"]
[BlackElo "1497"]
[PlyCount "70"]
[EventDate "2020.08.15"]
[EventType "swiss"]
[EventRounds "9"]
[EventCountry "POL"]
[SourceTitle "CBM 198 Extra"]
[Source "ChessBase"]
[SourceDate "2020.11.30"]
[SourceVersion "1"]
[SourceVersionDate "2020.11.30"]
[SourceQuality "1"]

1. c4 e5 2. g3 Nc6 3. Nc3 Nf6 4. Bg2 Bc5 5. Nf3 0-0 6. 0-0 d6 7. d3 a6 8. a3 Nd4 9. Ne1 c6 10. b4 Bb6 11. e3 Ne6 12. Bb2 Re8 13. Nc2 Nf8 14. b5 axb5 15. cxb5 d5 16. Nb4 Bg4 17. Qd2 Qd7 18. bxc6 bxc6 19. Rac1 Ba5 20. Ne2 Rac8 21. Rc5 Bb6 22. Rc2 c5 23. Na2 Bh3 24. f4 Bxg2 25. Kxg2 d4 26. fxe5 Rxe5 27. exd4 Ree8 28. dxc5 Rxc5 29. Rxc5 Bxc5 30. Rxf6 gxf6 31. Nac3 Be3 32. Qc2 Qc6+ 33. Kh3 Ne6 34. Nf4 Nxf4+ 35. gxf4 Qf3+ 0-1

[Event "Polanica Zdroj op-B 56th"]
[Site "Polanica Zdroj"]
[Date "2020.08.18"]
[Round "4"]
[White "Wilczynski, Adam"]
[Black "Gromada, Andrzej"]
[Result "0-1"]
[WhiteElo "1497"]
[BlackElo "1678"]
[PlyCount "116"]
[EventDate "2020.08.15"]
[EventType "swiss"]
[EventRounds "9"]
[EventCountry "POL"]
[SourceTitle "CBM 198 Extra"]
[Source "ChessBase"]
[SourceDate "2020.11.30"]
[SourceVersion "1"]
[SourceVersionDate "2020.11.30"]
[SourceQuality "1"]

1. c4 g6 2. g3 Bg7 3. Bg2 Nf6 4. e4 d6 5. Ne2 e5 6. Nbc3 0-0 7. 0-0 c6 8. d4 Nbd7 9. h3 a6 10. Bg5 Qb6 11. Qd2 exd4 12. Na4 Qc7 13. Nxd4 Ne5 14. Qe2 Re8 15. Nc3 Nh5 16. Be3 Qa5 17. g4 Nf6 18. f4 Ned7 19. Nb3 Qc7 20. Qd3 b5 21. a3 bxc4 22. Qxc4 Rb8 23. g5 Nb6 24. Qd3 Nfd7 25. Nd2 c5 26. Bf2 Bb7 27. Rac1 c4 28. Qc2 Nc5 29. Nd5 Nxd5 30. exd5 a5 31. Nxc4 Ba6 32. Rfe1 Bxc4 33. Rxe8+ Rxe8 34. Qxc4 Bxb2 35. Rb1 Bxa3 36. Qb5 Qd8 37. Bd4 Nd7 38. Kh1 Bb4 39. Bb2 Bd2 40. Qc4 Qb6 41. Qd3 Qe3 42. Qxe3 Rxe3 43. Bf6 Re1+ 44. Rxe1 Bxe1 45. Be7 Bb4 46. Bf1 Nb6 47. f5 gxf5 48. Bd3 Nxd5 49. Bf6 f4 50. Kg2 Bc3 51. Bxc3 Nxc3 52. Kf3 Kg7 53. Kxf4 a4 54. Ke3 a3 55. Bc4 a2 56. Bxa2 Nxa2 57. Kd4 Kg6 58. Kd5 Kxg5 0-1

[Event "Warsaw YMCA Autumn-B 221st"]
[Site "Warsaw"]
[Date "2019.10.17"]
[Round "5"]
[White "Wilczynski, Adam"]
[Black "Dabrowski, Leszek"]
[Result "0-1"]
[WhiteElo "1574"]
[BlackElo "1851"]
[PlyCount "86"]
[EventDate "2019.09.20"]
[EventType "tourn"]
[EventRounds "13"]
[EventCountry "POL"]
[SourceTitle "CBM 195 Extra"]
[Source "ChessBase"]
[SourceDate "2020.05.31"]
[SourceVersion "1"]
[SourceVersionDate "2020.05.31"]
[SourceQuality "1"]

1. c4 Nf6 2. Nf3 e6 3. d4 b6 4. a3 Bb7 5. Nc3 d5 6. cxd5 exd5 7. Bf4 a6 8. e3 Bd6 9. Bxd6 Qxd6 10. Bd3 0-0 11. Qc2 h6 12. 0-0 Nbd7 13. Rfe1 Rfe8 14. e4 dxe4 15. Nxe4 Nxe4 16. Bxe4 Bxe4 17. Rxe4 Nf6 18. Re5 Ng4 19. Rxe8+ Rxe8 20. h3 Nf6 21. Rc1 Re7 22. Qa4 Qf4 23. Rc2 Qe4 24. Rc1 Qf4 25. Rc2 a5 26. b4 axb4 27. axb4 Qe4 28. b5 Ne8 29. Rc1 Nd6 30. Qb3 Qf5 31. d5 Qd7 32. Nd4 Qe8 33. Qb2 Re1+ 34. Rxe1 Qxe1+ 35. Kh2 Qe5+ 36. f4 Qxf4+ 37. g3 Qe5 38. Qf2 Qxd5 39. Nf3 Qxb5 40. Qc2 Qc4 41. Qb2 Qe4 42. Nh4 Nf5 43. Ng2 Nd4 0-1

[Event "Warsaw YMCA Autumn-B 221st"]
[Site "Warsaw"]
[Date "2019.09.24"]
[Round "1"]
[White "Wilczynski, Adam"]
[Black "Sloniewska, Alicja"]
[Result "0-1"]
[WhiteElo "1574"]
[BlackElo "1582"]
[PlyCount "192"]
[EventDate "2019.09.20"]
[EventType "tourn"]
[EventRounds "13"]
[EventCountry "POL"]
[SourceTitle "CBM 195 Extra"]
[Source "ChessBase"]
[SourceDate "2020.05.31"]
[SourceVersion "1"]
[SourceVersionDate "2020.05.31"]
[SourceQuality "1"]

1. c4 f5 2. g3 Nf6 3. Bg2 g6 4. Nc3 Bg7 5. d3 0-0 6. e4 fxe4 7. dxe4 Nc6 8. Nge2 d6 9. 0-0 Be6 10. b3 Qc8 11. Bb2 Bh3 12. Qd2 Bxg2 13. Kxg2 Qe6 14. f3 a6 15. Nd5 Qd7 16. Rad1 Qd8 17. Nef4 Qc8 18. a4 Rf7 19. h4 Nxd5 20. exd5 Nd8 21. Bxg7 Kxg7 22. Rde1 Qd7 23. Ne6+ Kg8 24. h5 Rf6 25. hxg6 Rxg6 26. Qe3 Nxe6 27. dxe6 Qc6 28. Qe4 Rf8 29. Qxc6 bxc6 30. Re3 Rff6 31. Rfe1 Kg7 32. b4 Rg5 33. Rb3 h5 34. b5 cxb5 35. cxb5 axb5 36. axb5 Rc5 37. f4 h4 38. b6 cxb6 39. Rxb6 Rg6 40. Rb3 Kf6 41. Kh3 Rxg3+ 42. Rxg3 hxg3 43. Kxg3 Kf5 44. Rh1 Rc3+ 45. Kf2 Kxe6 46. Rh5 Kf6 47. Ke2 Rc5 48. Rh7 Ke6 49. Ke3 Rf5 50. Ke4 d5+ 51. Ke3 Kd6 52. Rh6+ Rf6 53. Rh8 Re6+ 54. Kd3 Re4 55. Rh6+ Kd7 56. f5 Rf4 57. Rh5 Kd6 58. Rh6+ Kd7 59. Rh5 d4 60. Rh6 Ke8 61. Rh5 Kf7 62. Rh6 Kg7 63. Re6 Kf7 64. Rh6 Rxf5 65. Kxd4 Rf6 66. Rh7+ Ke6 67. Ke4 Kd6 68. Rh8 Rg6 69. Rd8+ Ke6 70. Ra8 Rg4+ 71. Kf3 Rb4 72. Ra6+ Kf5 73. Ra5+ e5 74. Ke3 Rb3+ 75. Ke2 Kf4 76. Ra8 Rb2+ 77. Ke1 Rg2 78. Kf1 Rh2 79. Rf8+ Ke3 80. Ra8 Rd2 81. Ra3+ Rd3 82. Ra8 e4 83. Rf8 Rd2 84. Rf7 Rd1+ 85. Kg2 Ke2 86. Rf2+ Kd3 87. Rf8 e3 88. Rd8+ Ke2 89. Re8 Rd3 90. Ra8 Ke1 91. Ra1+ Rd1 92. Ra3 e2 93. Ra2 Rc1 94. Kf3 Rc3+ 95. Kg2 Kd1 96. Ra1+ Rc1 0-1

[Event "Warsaw-chB 67th"]
[Site "Warsaw"]
[Date "2018.11.12"]
[Round "1"]
[White "Nawalaniec, Adam"]
[Black "Wilczynski, Adam"]
[Result "1-0"]
[WhiteElo "1303"]
[BlackElo "1611"]
[PlyCount "111"]
[EventDate "2018.11.12"]
[EventType "swiss"]
[EventRounds "9"]
[EventCountry "POL"]
[SourceTitle "EXT 2020"]
[Source "ChessBase"]
[SourceDate "2019.10.17"]
[SourceVersion "1"]
[SourceVersionDate "2019.10.17"]
[SourceQuality "1"]

1. e4 c5 2. Nf3 e6 3. d4 cxd4 4. Nxd4 a6 5. c4 Nf6 6. Nc3 Qc7 7. Be2 Bb4 8. f3 Nc6 9. Bg5 Qe5 10. Be3 Qc7 11. 0-0 Be7 12. Nb3 d6 13. a3 0-0 14. f4 b6 15. Qe1 Bb7 16. Qg3 Rfe8 17. f5 Ne5 18. Nd2 Rac8 19. Rf4 d5 20. exd5 exd5 21. cxd5 Bc5 22. Bxc5 Qxc5+ 23. Qf2 Qxf2+ 24. Kxf2 b5 25. Rd1 Nxd5 26. Nxd5 Bxd5 27. Rd4 Bb7 28. Nb3 f6 29. Na5 Ba8 30. Rd6 Be4 31. Rxa6 Rc2 32. Re6 Rb8 33. Ke3 Bxf5 34. Red6 Rxb2 35. Nc6 Nxc6 36. Rxc6 Rb3+ 37. Kf2 Rxa3 38. Bh5 g6 39. Bf3 Kg7 40. Rc7+ Kh6 41. g4 Bc2 42. Rdd7 Kg5 43. Rxc2 b4 44. Kg3 Rc3 45. h4+ Kh6 46. Re2 b3 47. Ree7 Rh8 48. Rb7 Rd3 49. Rf7 Rd6 50. Rxb3 g5 51. Rbb7 gxh4+ 52. Kxh4 Re6 53. Be4 f5 54. Bxf5 Rg6 55. g5+ Rxg5 56. Rxh7+ 1-0

[Event "Warsaw YMCA Autumn-B 206th"]
[Site "Warsaw"]
[Date "2018.09.27"]
[Round "2"]
[White "Mazurek, Jerzy"]
[Black "Wilczynski, Adam"]
[Result "1/2-1/2"]
[WhiteElo "1691"]
[BlackElo "1611"]
[PlyCount "46"]
[EventDate "2018.09.20"]
[EventType "tourn"]
[EventRounds "11"]
[EventCountry "POL"]
[SourceTitle "EXT 2021"]
[Source "ChessBase"]
[SourceDate "2020.10.23"]
[SourceVersion "1"]
[SourceVersionDate "2020.10.23"]
[SourceQuality "1"]

1. d4 Nf6 2. c4 e6 3. Nc3 Bb4 4. Qc2 0-0 5. Nf3 b6 6. e4 Bb7 7. Bd3 d5 8. e5 dxc4 9. Bxc4 Ne4 10. Bd3 f5 11. exf6 Nxf6 12. Ng5 Qxd4 13. 0-0 Qg4 14. f3 Bc5+ 15. Kh1 Qh4 16. g3 Qh5 17. Nce4 Nbd7 18. Nxe6 Nxe4 19. Bxe4 Bxe4 20. Qxe4 Nf6 21. Qc6 Ng4 22. h4 Ne5 23. Qd5 c6 1/2-1/2

[Event "Warsaw YMCA Autumn-B 191st"]
[Site "Warsaw"]
[Date "2017.12.07"]
[Round "12"]
[White "Rejniak, Zuzanna"]
[Black "Wilczynski, Adam"]
[Result "0-1"]
[WhiteElo "1618"]
[BlackElo "1668"]
[PlyCount "120"]
[EventDate "2017.09.19"]
[EventType "tourn"]
[EventRounds "13"]
[EventCountry "POL"]
[SourceTitle "EXT 2019"]
[Source "ChessBase"]
[SourceDate "2018.10.10"]
[SourceVersion "1"]
[SourceVersionDate "2018.10.10"]
[SourceQuality "1"]

1. e4 c5 2. Nf3 e6 3. d4 cxd4 4. Nxd4 a6 5. Bd3 Nf6 6. 0-0 Qc7 7. Nc3 Be7 8. Kh1 b5 9. a3 Bb7 10. f3 d5 11. exd5 Nxd5 12. Nxd5 Bxd5 13. a4 b4 14. Be4 Bxe4 15. fxe4 Nd7 16. Be3 Nf6 17. Qf3 0-0 18. a5 Rac8 19. Qe2 Qc4 20. Qxc4 Rxc4 21. b3 Rcc8 22. e5 Nd5 23. Bd2 Bc5 24. Nf3 h6 25. h3 Be3 26. Rfd1 Rxc2 27. Bxe3 Nxe3 28. Rd2 Rxd2 29. Nxd2 Rd8 30. Nf3 Rd3 31. Rb1 Nd5 32. Rb2 Kf8 33. Nd2 Ke7 34. Ne4 f5 35. exf6+ gxf6 36. Kg1 Nc3 37. Rd2 Rxd2 38. Nxd2 Ne2+ 39. Kf2 Nd4 40. Ke3 e5 41. g4 Ke6 42. Ke4 Ne2 43. Kd3 Nf4+ 44. Kc4 Nxh3 45. Kxb4 Kd5 46. Kc3 Nf2 47. b4 Nxg4 48. Ne4 h5 49. b5 axb5 50. Kb4 Kc6 51. Kc3 h4 52. Kd3 f5 53. Ng5 Nf6 54. Ke3 Nd5+ 55. Kf3 b4 56. Nf7 e4+ 57. Kf2 Kb5 58. Nd6+ Kxa5 59. Ke2 Nc3+ 60. Kd2 f4 0-1

[Event "Warsaw YMCA Autumn-B 191st"]
[Site "Warsaw"]
[Date "2017.11.16"]
[Round "9"]
[White "Wilczynski, Adam"]
[Black "Kwiek, Janusz"]
[Result "1/2-1/2"]
[WhiteElo "1668"]
[BlackElo "1546"]
[PlyCount "130"]
[EventDate "2017.09.19"]
[EventType "tourn"]
[EventRounds "13"]
[EventCountry "POL"]
[SourceTitle "EXT 2019"]
[Source "ChessBase"]
[SourceDate "2018.10.10"]
[SourceVersion "1"]
[SourceVersionDate "2018.10.10"]
[SourceQuality "1"]

1. d4 Nf6 2. Nf3 e6 3. c4 b6 4. a3 c5 5. Nc3 Bb7 6. Bg5 h6 7. Bh4 Be7 8. e3 0-0 9. h3 d5 10. cxd5 cxd4 11. Nxd4 Nxd5 12. Bxe7 Qxe7 13. Nxd5 Bxd5 14. Qg4 Nd7 15. Be2 f5 16. Qg3 Rac8 17. 0-0 e5 18. Nb5 f4 19. exf4 exf4 20. Qd3 Bc4 21. Qxc4+ Rxc4 22. Bxc4+ Kh8 23. Rfe1 Qg5 24. Bf1 Ne5 25. Kh1 Rd8 26. Nc3 Nd3 27. Ne4 Qh4 28. g3 fxg3 29. fxg3 Qh5 30. Red1 Qf3+ 31. Bg2 Qe3 32. Rd2 Re8 33. Rad1 Nc5 34. Nd6 Rf8 35. b4 Ne6 36. Rd3 Qg5 37. Re1 Nc7 38. h4 Qh5 39. Re7 Ne8 40. Rd5 Qg6 41. Ne4 Nf6 42. Nxf6 Qxf6 43. Rdd7 Qa1+ 44. Kh2 Qb2 45. Kh3 Qf6 46. Rxa7 h5 47. a4 Rd8 48. Rf7 Qe6+ 49. Kh2 Qe5 50. a5 bxa5 51. Rxa5 Qb8 52. Rxh5+ Kg8 53. Rb7 Qd6 54. Rd5 Qf8 55. Rxd8 Qxd8 56. b5 g5 57. h5 Qd1 58. Rb8+ Kg7 59. Rb7+ Kh6 60. b6 Qxh5+ 61. Kg1 Qd1+ 62. Kh2 Qh5+ 63. Kg1 Qd1+ 64. Kh2 Qh5+ 65. Kg1 Qd1+ 1/2-1/2

[Event "Warsaw YMCA Autumn-B 191st"]
[Site "Warsaw"]
[Date "2017.11.02"]
[Round "7"]
[White "Wilczynski, Adam"]
[Black "Budrewicz, Henryk"]
[Result "1-0"]
[WhiteElo "1668"]
[BlackElo "1486"]
[PlyCount "120"]
[EventDate "2017.09.19"]
[EventType "tourn"]
[EventRounds "13"]
[EventCountry "POL"]
[SourceTitle "EXT 2019"]
[Source "ChessBase"]
[SourceDate "2018.10.10"]
[SourceVersion "1"]
[SourceVersionDate "2018.10.10"]
[SourceQuality "1"]

1. Nf3 d5 2. c4 e6 3. e3 c6 4. Nc3 Nf6 5. Be2 Bd6 6. 0-0 dxc4 7. Bxc4 b5 8. Be2 Bb7 9. Qc2 0-0 10. d4 Qc7 11. e4 e5 12. dxe5 Bxe5 13. Nxe5 Qxe5 14. g3 Nbd7 15. Bf4 Qc5 16. Be3 Qe7 17. f3 a6 18. Bf2 Rfe8 19. Rad1 Rad8 20. a3 c5 21. Rfe1 Ne5 22. Rxd8 Rxd8 23. Nd1 c4 24. Ne3 g6 25. Rd1 Rxd1+ 26. Qxd1 Qd7 27. Qxd7 Nexd7 28. Be1 Nc5 29. Bc3 Nfd7 30. Ng4 h5 31. Ne3 f6 32. g4 hxg4 33. Nxg4 Kf7 34. Kf2 Ke6 35. Ke3 g5 36. Kd4 Nb3+ 37. Ke3 Nbc5 38. Bd1 Bc6 39. Bc2 Bb7 40. Bb4 Bc6 41. Nh6 Nb7 42. Nf5 Ndc5 43. Kd4 Nd7 44. Ke3 Ndc5 45. Nd4+ Kd6 46. f4 a5 47. e5+ fxe5 48. fxe5+ Kc7 49. Nxc6 Kxc6 50. Bc3 Kd5 51. Bd1 a4 52. Bf3+ Ke6 53. Bc6 Nd8 54. Bxb5 Kd5 55. Be8 Nc6 56. Bxc6+ Kxc6 57. Kd4 Kb5 58. Kd5 Nd3 59. e6 Nf4+ 60. Kd6 Nxe6 1-0

[Event "Warsaw YMCA Autumn-B 191st"]
[Site "Warsaw"]
[Date "2017.10.18"]
[Round "5"]
[White "Wilczynski, Adam"]
[Black "Jarmolowski, Tadeusz"]
[Result "1/2-1/2"]
[WhiteElo "1668"]
[BlackElo "1699"]
[PlyCount "69"]
[EventDate "2017.09.19"]
[EventType "tourn"]
[EventRounds "13"]
[EventCountry "POL"]
[SourceTitle "EXT 2019"]
[Source "ChessBase"]
[SourceDate "2018.10.10"]
[SourceVersion "1"]
[SourceVersionDate "2018.10.10"]
[SourceQuality "1"]

1. c4 e5 2. g3 c6 3. d4 exd4 4. Qxd4 d5 5. cxd5 cxd5 6. Bg2 Nf6 7. Nf3 Nc6 8. Qa4 Bb4+ 9. Bd2 Bxd2+ 10. Nbxd2 0-0 11. 0-0 Re8 12. e3 Be6 13. b4 a6 14. Nb3 b5 15. Qa3 Qe7 16. Nc5 a5 17. Rfc1 Nxb4 18. Nd4 Reb8 19. Bf1 Ne4 20. Nxe4 dxe4 21. Bxb5 h6 22. Be2 Bd5 23. Rc3 Rb7 24. Rcc1 Rc7 25. Nb5 Rc6 26. Rxc6 Bxc6 27. Rb1 Kh7 28. Qb3 Bxb5 29. Bxb5 Rb8 30. Bf1 Nc6 31. Qc2 Rxb1 32. Qxb1 Qb4 33. Qc2 Ne5 34. Be2 g6 35. Kg2 1/2-1/2

[Event "Warsaw YMCA Spring-B 184th"]
[Site "Warsaw"]
[Date "2017.05.11"]
[Round "6"]
[White "Wilczynski, Adam"]
[Black "Kalejta, Arkadiusz"]
[Result "1-0"]
[WhiteElo "1643"]
[BlackElo "1643"]
[PlyCount "109"]
[EventDate "2017.04.07"]
[EventType "tourn"]
[EventRounds "13"]
[EventCountry "POL"]
[SourceTitle "EXT 2018"]
[Source "ChessBase"]
[SourceDate "2017.10.13"]
[SourceVersion "1"]
[SourceVersionDate "2017.10.13"]
[SourceQuality "1"]

1. c4 Nf6 2. g3 c6 3. Nf3 d5 4. Bg2 dxc4 5. 0-0 Nbd7 6. Qc2 Nb6 7. Na3 Qd5 8. b3 cxb3 9. axb3 Be6 10. Rb1 Rd8 11. d3 g6 12. Ng5 Qd7 13. Nxe6 Qxe6 14. Bb2 Bg7 15. Nc4 0-0 16. Na5 Qd7 17. Nc4 Nfd5 18. Bxg7 Kxg7 19. Qb2+ f6 20. Ra1 Ra8 21. Nd2 Nb4 22. Nf3 Rfd8 23. Rfc1 Na6 24. Ra5 Nc7 25. h4 Nb5 26. Ng5 Kg8 27. Nf3 Nd4 28. Qa2 Nxf3+ 29. Bxf3 a6 30. b4+ Kg7 31. Qb3 Rac8 32. Rac5 Qd6 33. Bg2 Nd7 34. R5c3 Ne5 35. Bh3 f5 36. Bg2 Ng4 37. e3 e5 38. Rd1 f4 39. Bf3 Nf6 40. exf4 exf4 41. g4 Nd5 42. Rc4 Qf6 43. g5 Qf5 44. Qb2+ Kg8 45. Kh2 Re8 46. Re4 Qf8 47. b5 axb5 48. Bg4 Rc7 49. Be6+ Rxe6 50. Rxe6 f3 51. Re4 Qd6+ 52. Kg1 Nf4 53. Re8+ Kf7 54. Qh8 Ne2+ 55. Kh1 1-0

[Event "Warsaw YMCA Spring-B 184th"]
[Site "Warsaw"]
[Date "2017.04.13"]
[Round "2"]
[White "Prus, Marek"]
[Black "Wilczynski, Adam"]
[Result "1/2-1/2"]
[WhiteElo "1656"]
[BlackElo "1643"]
[PlyCount "53"]
[EventDate "2017.04.07"]
[EventType "tourn"]
[EventRounds "13"]
[EventCountry "POL"]
[SourceTitle "EXT 2018"]
[Source "ChessBase"]
[SourceDate "2017.10.13"]
[SourceVersion "1"]
[SourceVersionDate "2017.10.13"]
[SourceQuality "1"]

1. e4 c5 2. a3 Nf6 3. e5 Nd5 4. Nf3 d6 5. Bc4 e6 6. c3 Nb6 7. Bb3 c4 8. Bc2 Nc6 9. Qe2 dxe5 10. Nxe5 Nxe5 11. Qxe5 Qd6 12. d4 Bd7 13. Bf4 Qxe5+ 14. Bxe5 Bc6 15. 0-0 Be7 16. Nd2 0-0 17. Rae1 Bd5 18. f4 Nd7 19. f5 Nxe5 20. dxe5 exf5 21. Bxf5 Bc5+ 22. Kh1 Rad8 23. Ne4 Bxe4 24. Rxe4 b5 25. e6 fxe6 26. Bxe6+ Kh8 27. Rxf8+ 1/2-1/2

[Event "Warsaw YMCA Winter-B 179th"]
[Site "Warsaw"]
[Date "2017.02.16"]
[Round "6"]
[White "Wrabel, Antoni"]
[Black "Wilczynski, Adam"]
[Result "1/2-1/2"]
[WhiteElo "1592"]
[BlackElo "1604"]
[PlyCount "37"]
[EventDate "2017.01.11"]
[EventType "tourn"]
[EventRounds "11"]
[EventCountry "POL"]
[SourceTitle "EXT 2018"]
[Source "ChessBase"]
[SourceDate "2017.10.13"]
[SourceVersion "1"]
[SourceVersionDate "2017.10.13"]
[SourceQuality "1"]

1. e4 c5 2. Nf3 e6 3. d4 cxd4 4. Nxd4 a6 5. c4 Nf6 6. f3 Qc7 7. Nc3 Nc6 8. Nc2 Bd6 9. g3 Be7 10. Be3 d6 11. Qd2 Ne5 12. Qe2 Bd7 13. Bd4 Rc8 14. Bxe5 dxe5 15. 0-0-0 0-0 16. Kb1 Qa5 17. g4 Bc6 18. h4 Rfd8 19. Bg2 1/2-1/2

[Event "Warsaw YMCA Winter-B 179th"]
[Site "Warsaw"]
[Date "2017.01.17"]
[Round "2"]
[White "Wilczynski, Adam"]
[Black "Sawicki, Wojciech"]
[Result "0-1"]
[WhiteElo "1604"]
[BlackElo "1769"]
[PlyCount "104"]
[EventDate "2017.01.11"]
[EventType "tourn"]
[EventRounds "11"]
[EventCountry "POL"]
[SourceTitle "EXT 2018"]
[Source "ChessBase"]
[SourceDate "2017.10.13"]
[SourceVersion "1"]
[SourceVersionDate "2017.10.13"]
[SourceQuality "1"]

1. c4 Nf6 2. Nf3 g6 3. Nc3 Bg7 4. e4 d6 5. d4 0-0 6. h3 c5 7. d5 a6 8. Bd3 Bd7 9. a4 e5 10. g4 Ne8 11. a5 b5 12. axb6 Qxb6 13. Qc2 a5 14. Na4 Qb7 15. Nc3 Na6 16. Qe2 Nb4 17. Bb1 Nc7 18. Bg5 f6 19. Be3 Qc8 20. Nd2 f5 21. f3 f4 22. Bf2 Qb7 23. h4 Kf7 24. h5 g5 25. Na4 h6 26. 0-0 Ne8 27. b3 Nf6 28. Rd1 Ra6 29. Kf1 Qc8 30. Ke1 Nxg4 31. fxg4 Bxg4 32. Qf1 Bxd1 33. Kxd1 Qg4+ 34. Qe2 Qxe2+ 35. Kxe2 g4 36. Nc3 Bf6 37. Ba2 f3+ 38. Nxf3 gxf3+ 39. Kxf3 Rg8 40. Rh1 a4 41. bxa4 Nxa2 42. Nxa2 Rxa4 43. Nc3 Rxc4 44. Be1 Rb8 45. Ke2 Rb2+ 46. Kf3 Rb3 47. Kg4 Rcxc3 48. Bxc3 Rxc3 49. Ra1 Rc2 50. Ra7+ Be7 51. Ra8 Rh2 52. Rc8 Rh4+ 0-1

[Event "Mazowiec-chT op 1617"]
[Site "Warsaw"]
[Date "2016.12.11"]
[Round "2.23"]
[White "Wilczynski, Adam"]
[Black "Czarnomski, Dominik"]
[Result "1-0"]
[WhiteElo "1650"]
[BlackElo "1379"]
[PlyCount "65"]
[EventDate "2016.12.11"]
[EventType "team-swiss"]
[EventRounds "10"]
[EventCountry "POL"]
[SourceTitle "EXT 2019"]
[Source "ChessBase"]
[SourceDate "2018.10.10"]
[SourceVersion "1"]
[SourceVersionDate "2018.10.10"]
[SourceQuality "1"]

1. c4 e6 2. Nf3 f5 3. g3 b6 4. Bg2 Bb7 5. 0-0 Nf6 6. d3 Nc6 7. Nc3 Bb4 8. Bd2 0-0 9. a3 Be7 10. b4 d6 11. e4 fxe4 12. dxe4 e5 13. Nh4 Bc8 14. Nf5 Be6 15. Nxe7+ Nxe7 16. Nd5 h6 17. Rc1 Ng6 18. f4 exf4 19. Nxf4 Nxf4 20. Bxf4 Rb8 21. Qd4 Qd7 22. e5 dxe5 23. Qxe5 g5 24. Rfd1 Qf7 25. Be3 Ng4 26. Qe4 Nxe3 27. Qxe3 Bxc4 28. Rxc4 Rbe8 29. Re4 Rd8 30. Rf1 Qa2 31. Rd4 Rxf1+ 32. Bxf1 Rf8 33. Bc4+ 1-0

[Event "Warsaw YMCA Autumn-C 176th"]
[Site "Warsaw"]
[Date "2016.10.27"]
[Round "5"]
[White "Wilczynski, Adam"]
[Black "Tkaczyk, Weronika"]
[Result "0-1"]
[WhiteElo "1650"]
[BlackElo "1567"]
[PlyCount "90"]
[EventDate "2016.09.20"]
[EventType "tourn"]
[EventRounds "13"]
[EventCountry "POL"]
[SourceTitle "EXT 2019"]
[Source "ChessBase"]
[SourceDate "2018.10.10"]
[SourceVersion "1"]
[SourceVersionDate "2018.10.10"]
[SourceQuality "1"]

1. Nf3 d5 2. c4 d4 3. e3 c5 4. b4 e6 5. Bb2 dxe3 6. fxe3 cxb4 7. Be2 Nf6 8. 0-0 Bd6 9. Ne5 Nbd7 10. Nxd7 Bxd7 11. d4 Qc7 12. Nd2 Bxh2+ 13. Kh1 h5 14. Rxf6 gxf6 15. Nf1 Bg3 16. d5 Be5 17. Bd4 Bxd4 18. Qxd4 Qe5 19. Rd1 Qxd4 20. Rxd4 0-0-0 21. e4 f5 22. c5 exd5 23. exd5 Bc6 24. Bf3 Rhe8 25. Ng3 Re5 26. Kg1 Bxd5 27. Rxb4 Bxf3 28. gxf3 Rxc5 29. Nxh5 Rc2 30. Rb1 Rg8+ 31. Kf1 Rh2 32. Rc1+ Kb8 33. Nf6 Rh1+ 34. Kf2 Rxc1 35. Nxg8 Rc2+ 36. Ke3 Rxa2 37. Kf4 b5 38. Ne7 b4 39. Nc6+ Kc7 40. Nd4 a5 41. Kxf5 a4 42. f4 b3 43. Kf6 b2 44. Nb5+ Kd8 45. Nc3 Ra1 0-1